First Lines Of Short n' Sweet Songs - Sabrina Carpenter - Statistics

General Stats
  • This quiz has been taken 78 times
  • The average score is 13 of 16
Answer Stats
First Line Song % Correct
Oh, I leave quite an impression Taste
95%
I know I have good judgment, I know I have good taste Please Please Please
93%
Now he's thinkin' 'bout me every night, oh Espresso
90%
I was in a sheer dress the day that we met Bed Chem
89%
____ _____ because it happened, baby / Cry because it's over Don't Smile
85%
Don't have to tell your hot ass a thing / Oh yeah, you just get it Juno
85%
I know you're not / The ________ ____ in the shed Sharpest Tool
84%
I'm so mature, collected and sensible Busy Woman
82%
I've heard all the bad news and the ___ _______ Bad Reviews
80%
You're so ____ ___ ______ / It's just what I fall for, I like the aesthetic Dumb & Poetic
80%
When I love you, I'm sweet like an angel Good Graces
80%
Don't swear on your mom / That it's the first drink that you've had in like a month Lie To Girls
74%
Guess I'll end this life alone Slim Pickins
74%
The second I put my head on your chest Coincidence
72%
The clock is tickin' lately / Guess that means I'm doin' somethin' right 15 Minutes
69%
Oh, what I'd give to be / Meeting you as the glass-half-full version of me Couldn't Make It Any Harder
59%
No matching quizzes found
Score Distribution
Percent of People with Each Score
Percentile by Number Answered
Your Score History
You have not taken this quiz